Statistics for THE ULTIMATE HIP HOP QUIZ 2019

Click here to take the quiz!

General Stats

  • This quiz has been taken 463 times
  • The average score is 9 of 15

Answer Stats

QuestionAnswer% Correct
Which of the following rappers is NOT a part of the group Migos?Future
94%
What is Drake’s real nameAubrey Graham
86%
As of October 2019, what is the most viewed music video on the Lyrical Lemonade YouTube channel?Lucid Dreams - Juice Wrld
78%
Finish the lyric, “His palms are sweaty ...”Knees weak
76%
Which rapper featureson Juice Wrld song Bandit?NBA youngboy
71%
What is the name of Post Malone’s most recent album?Hollywood’s bleeding
68%
Which of the following is not a song by Juice Wrld?Hot and Cold
65%
In the song Devil’s Work by Joyner Lucas, which of the following rappers are NOT mentioned?Lil Peep
64%
Which of the following rappers is the oldest?Lil uzi vert
63%
Which song contains the lyric, “My daddy said trust no man but your brothers”?Ricky - Denzel Curry
57%
Which rapper features of Middle Child by PNB rock?XXXTENTACION
51%
Which of these songs were released earliest on YouTube?Shotta Flow - NLE Choppa
48%
Which of the following rappers were NOT a 2019 XXL freshman?Lil Baby
41%
What is YNW melly’s real name?Jamel Maurice Demons
40%
How many weeks was the song “old town road” charted at number one in the Billboard hot 100?19 weeks
30%

Score Distribution

Percentile by Number Answered

Percent of People with Each Score

Your Score History

You have not taken this quiz